000 02332nam a2200265Ia 4500
008 220216s9999 xx 000 0 und d
100 _aMartre Pierre
245 0 _aPhysiological effects of temporary immersion of Hevea brasiliensis callus
260 _bPlant Cell, Tissue and Organ Culture
_c2001
300 _a25-35
520 _aIn vitro culture by temporary immersion generates potentially stressful conditions for explants that may differ from those associated with classic methods. In order to evaluate the effects of these conditions on physiological chabges in explants, different parameters of metabolic activity were investigated for a friable embryogenic callus of Hevea brasiliensis (Mull. Agr), in response to 1 min, and 1, 12 and 24h per day of immersion, using semi-solid and agitated liquid media as controls. The relative growth rate of the callus was not significantly different for the 1 min immersion treatment and the controls, but it decreased by about 60;for the 1-, 12- and 24-h immersion treatments. During the immersed stage, the rate of respiration of the callus was comparable for all the treatments. However, during the emersed stage, the respiration rate increassed by 140 and 164;for the 12- and 24-h immersion treatments, respectively. Meanwhile, the toal adenylate nucleotide concentration and the ratio of ATP/ADP reamined almost constant, or even decreased. The adenylate energy charge was comparable for all the treatments, averaging 0.88. The superoxide dismutase activity and the lipid peroxidation increased with the immersion duration, and were significantly higher for the 12- and 24-h immersion treatments than for controls. However, after 24h in emersed stage, there was no lipid peroxidation, regardless of previous immerrsion duration. It appears from these results that the immersed stage induced a substantial oxidative stress, which was not associated with the callus immersion per se.
650 _aCallus
650 _aHevea brasiliensis
650 _aIn vitro tissue culture
650 _aLiquid peroxidation
650 _aOxidative stress
650 _aRespiration
650 _aRubber tree
650 _aSemi-solid medium
650 _aSuperoxide dismutase
700 _aJust Daniel
700 _aLacan Dominnique
700 _aTeisson Claude
942 _cJS
999 _c64997
_d64997